000
00293nam a22001217a 4500
041
_a
ENG
100
_a
Jain M.L
245
_a
Agriculture Question Bank With Answers
260
_a
Delhi
_b
Jain Brothers
_c
2003
300
_a
56
650
_a
Competitive Exam
856
_u
Competitive Exam ( 35 )
999
_c
885
_d
885